000 00861nab a2200253 u 4500
001 15075
003 HDC
007 cr bn ---aaaaa
008 210217c my dr|nes 0 a eng d
040 _aHDC
100 _aCheryl, Yvonne Achu,
_eauthor
_97843
245 0 _aPut business online, Matrade urges SMEs /
_cby Cheryl Yvonne Achu
260 _aKuala Lumpur :
_bNew Straits Times Press,
_c2013
336 _atext
_2rdacontent
337 _acomputer
_2rdamedia
338 _aonline resource
_2rdacarrier
650 _aOnline business
_991
650 _aSmall medium enterprise
_95098
710 _aNew Straits Times
856 _zRequest full-text at [email protected]
942 _2lcc
942 _cNEWS
942 _kNWSC 003933
999 _c12391
_d12391